000 00882nam a2200217 i 4500
001 135263
003 ES-MaACL
005 20230906194838.0
007 t|
008 070713s1907 sp ||||1| spa d
100 1 _aTolosa Latour, Manuel,
_d1857-1919
_9110485
245 1 0 _aMemoria
_b: leída ante el Consejo de Patronos de la Sociedad Protectora de los Niños en sesión del 17 de junio de 1907 /
_cpor Manuel de Tolosa Latour.
260 _aMadrid :
_b[s.n.],
_c1907 (
_fImp. del Asilo de Huérfanos)
300 _a16 p. ;
_c19 cm.
530 _aDisponible en formato digital.
610 2 4 _aSociedad Protectora de los Niños (Madrid)
_96805
710 2 _aSociedad Protectora de los Niños (Madrid)
_96805
852 _aES-MaACL
_jFol-Laf-557
856 _uhttp://bdh-rd.bne.es/viewer.vm?id=0000179509&page=1
_zBiblioteca Digital Hispánica
999 _c135263
_d135263